| 000 | 00562cam a22002172a 4500 | ||
|---|---|---|---|
| 001 | 025090 | ||
| 003 | AR-FADEU | ||
| 008 | 311216n1980####xxu####################dd | ||
| 020 | _a84-7423-121-3 | ||
| 092 |
_a335.43 _bH318 _eJLS |
||
| 100 | _aHarrison, John | ||
| 245 | _aEconomía marxista para socialistas : una crítica del reformismo | ||
| 260 | _aBarcelona | ||
| 260 | _bCrítica | ||
| 260 | _c1980 | ||
| 300 | _a216 p | ||
| 440 |
_aEstudios y ensayos _n65 |
||
| 500 | _aIncluye bibliografía | ||
| 650 | _aMARXISMO-ECONOMIA/JLS/ | ||
| 942 | _cJLS | ||
| 999 |
_c30776 _d30776 |
||